特殊な登録名を使用している現役選手(2026) - Statistics

General Stats
  • This quiz has been taken 34 times
  • The average score is 8 of 19
Answer Stats
球団 省略部分 選手名 % Correct
巨人 翁田 大勢
93%
ヤクルト 矢崎(加藤) 拓也
89%
巨人 砂川 リチャード
82%
楽天 悠馬 YG安田
71%
オリックス 鈴木 博志
50%
ロッテ 武田(大瀧) 愛斗
50%
楽天 璃海ジュミル ワォーターズ
46%
ヤクルト 日隈 モンテル
43%
ソフトバンク 甲斐 生海
43%
西武 仲三優太
43%
ソフトバンク 田中怜利 ハモンド
32%
西武 ギービンラタナヤケ ラマル
29%
西武 ウメビンユオ/明 オケム
25%
ロッテ 田中 大聖
25%
ヤクルト 髙橋(徐) 翔聖
18%
ソフトバンク 曽布川 ザイレン
18%
西武 ジョセフ孝之助 シンクレア
18%
ロッテ 石垣勝海
14%
ソフトバンク 大山 北斗
11%
No matching quizzes found
Score Distribution
Percent of People with Each Score
Percentile by Number Answered
Your Score History
You have not taken this quiz